000 00655nam a2200181 a 4500
001 000022348
005 20200930011708.0
008 101004s1989 dr ac r 001 0 spa d
040 _aDO-SdBNP
_bspa
_cBNPHU
082 _axxxx
_bS718m
100 1 _aSoto Ricart, Humberto
_946106
245 1 0 _aMuseo del hombre dominicano :
_bcatálogo general /
_cHumberto Soto Ricart, Fausto Arturo Rodríguez.
260 _aSanto Domingo :
_bEdiciones Culturales,
_c1989.
300 _a131 p. :
_bil, retrs. ;
_c21 cm.
500 _aIncluye datos biográficos del autor en la contracubierta
590 _aInventariado, 2020/BT
700 1 _aRodríguez, Fausto Arturo
_946107
999 _c21846
_d21846